Desátý ročník Bezdězu 1947-1948

Titel: Desátý ročník Bezdězu 1947-1948
Verfasser:
In: Bezděz, Band 9 (2000), Seite 207-231
alle Artikel anzeigen
Veröffentlicht: 2000
Format: Aufsatz
Sprache: Tschechisch
Kein Bild verfügbar
X
alg: 39307601
001A    $01999:11-11-16 
001B    $01999:28-04-17 $t15:31:30.000 
001C    $06050:19-11-16 $t22:31:02.000 
001D    $01999:11-11-16 
001U    $0utf8 
001X    $00 
002@    $0Aox 
003@    $0393076016 
007A    $0393076016 $aHEB 
007T    $0Herdp21797 
010@    $acze 
011@    $a2000 
021A    $aDesátý ročník Bezdězu 1947-1948 
028A    $aSmejkal $dLadislav 
031A    $d9 $h207-231 $j2000 
037A    $aRés. něm. s. 230-231: Der zehnte Jahrgang vom Bezděz 1947-1948 
039B    $aIn $8--Abvc--. Bezděz. - Česká Lípa, 1990-. - ISSN 1211-9172 $x200000000090000793 $905908720X 
045T    $a7,41 

lok: 39307601 78

exp: 39307601 78 1 #EPN
201B/01 $023-11-20 $t22:51:01.000 
201U/01 $0utf8 
203@/01 $0789186330 
208@/01 $a11-11-16 $be 
209A/01 $a/ $f000 $x00 
220C/01 $aHerkunft: Hú Av Čr Praha 
244Z/01 $#Tschechien $#Tschechische Republik $#Tschechische Republik $#Tschechenland $#Tschechei Tschechien $#Česká Republika $#Czech Republic $#ČR $74303381-7 $8--Tg1--Tschechien $x01 $9086659812 
244Z/01 $2Trx $#Böhmen $#Bohemia $#Czechy $8--Trx--Čechy $x02 $9391188941 
244Z/01 $aČeskolipsko oblast $x03 
244Z/01 $#Okres Česká Lípa $#Česká Lípa, Okresní Úřad Okres $#Okresní Úřad Česká Lípa, Okres $#Česká Lípa, Kreisamt Okres $#Kreisamt Česká Lípa, Okres $710180096-4 $8--Tg1--Česká Lípa$gOkres $x04 $9190247541 
244Z/01 $aGeschichte 1945-1948 $x05 
244Z/01 $2Trx $#ajakirjad, kohalikud $#regioniniai žurnalai $#journals, regional $#folyóíratok, regionális $#czasopisma regionalne $#časopisy regionálne $#časopisy regionální $8--Trx--Zeitschriften, regionale $x06 $9391384155 
244Z/01 $2Trx $#ajakirjad, kohalikud $#regioniniai žurnalai $#journals, regional $#folyóíratok, regionális $#czasopisma regionalne $#časopisy regionálne $#časopisy regionální $8--Trx--Zeitschriften, regionale $x07 $9391384155 
244Z/01 $2Trx $#bibliograafiad üldine $#bibliografijos bendras $#Bibliographies in general $#szakirodalmak általános $#bibliografie ogólnie $#bibliografie všeobecne $#bibliografie všeobecně $8--Trx--Bibliographien$gallgemein $x08 $939137379X 
244Z/01 $2Trx $8--Trx--Zeitschriftenaufsatz $x09 $9391384341 
247C/01 $82080>Marburg/Lahn, Herder-Institut, Forschungsbibliothek, Bibliographieportal $9336309341
LEADER 00000caa a22000002c 4500
001 393076016
003 DE-603
005 20170428153130.0
007 tu
008 161111s2000 xx |||| | u00||u|cze c
035 |a (DE-599)HEB393076016 
040 |a DE-603  |b ger  |c DE-603  |d DE-603 
041 |a cze 
084 |a 7,41  |2 ssgn 
100 1 |a Smejkal, Ladislav 
245 0 0 |a Desátý ročník Bezdězu 1947-1948 
264 0 |c 2000 
500 |a Rés. něm. s. 230-231: Der zehnte Jahrgang vom Bezděz 1947-1948 
773 0 8 |i In  |t Bezděz  |d Česká Lípa, 1990-  |x 1211-9172  |g Band 9 (2000), Seite 207-231  |w (DE-603)05908720X  |w (DE-600)1136222-4 
924 0 |9 2080  |a (DE-603)789186330  |b DE-2080  |c HES  |d d  |g /